[Event "45th Olympiad Budapest 2024"]
[Site "Budapest"]
[Date "2024.09.13"]
[Round "3"]
[Board "3"]
[White "Khuslen, Erdenebayar"]
[Black "Contreras Huaman, Fiorella"]
[Result "0-1"]
[WhiteElo "2229"]
[BlackElo "2168"]
[PlyCount "118"]
[EventDate "2024.09.11"]
[EventType "team-tourn"]
[EventRounds "11"]
[EventCountry "HUN"]
[WhiteTeam "Mongolia"]
[BlackTeam "Peru"]
[WhiteTeamCountry "MGL"]
[BlackTeamCountry "PER"]

1. d4 {[%emt 0:00:05]} d5 {[%emt 0:00:08]} 2. c4 {[%emt 0:00:27]} c6 {[%emt 0:00:08]} 3. Nc3 {[%emt 0:00:32]} Nf6 {[%emt 0:00:08]} 4. Nf3 {[%emt 0:00:46]} a6 {[%emt 0:00:08]} 5. c5 {[%emt 0:00:55]} Nbd7 {[%emt 0:00:38]} 6. Bf4 {[%emt 0:01:06]} g6 {[%emt 0:00:17]} 7. h3 {[%emt 0:01:19]} Bg7 {[%emt 0:00:09]} 8. e3 {[%emt 0:00:44]} O-O {[%emt 0:00:35]} 9. Be2 {[%emt 0:00:38]} Ne4 {[%emt 0:08:01]} 10. O-O {[%emt 0:10:00]} Nxc3 {[%emt 0:09:30]} ({RR} 10... e5 11. Bh2 exd4 12. exd4 Nxc3 13. bxc3 Nf6 14. Bd3 Bh6 15. Ne5 Nh5 16. Be2 Nf6 17. Qc2 Re8 18. Bd3 Nh5 19. f4 Bg7 20. f5 Bxe5 21. Bxe5 Qg5 22. Rf3 f6 23. Bd6 Kg7 24. Raf1 Re3 25. h4 {1-0 Cuenca Jimenez,J (2472)-Beretta,G (2083) 22nd Spilimbergo Open 2024 (8.22)}) 11. bxc3 {[%emt 0:00:07]} e5 {[%emt 0:02:08]} 12. Bh2 {[%emt 0:01:05]} e4 $146 {[%emt 0:13:39]} ({RR} 12... Re8 13. Qb3 f5 14. Bxe5 Bxe5 15. Nxe5 Nxe5 16. dxe5 Rxe5 17. c4 f4 18. cxd5 cxd5 19. Bf3 fxe3 20. fxe3 Rb8 21. c6 Be6 22. cxb7 Qd7 23. Rab1 d4 24. Qb6 dxe3 25. Rbd1 Bd5 26. Rxd5 Rxd5 27. Qb3 {1-0 Ostrovskiy,A (2308)-Aaron,D (2228) New York State-ch 133rd 2011 (6)}) ({RR} 12... Re8 13. Rb1 a5 14. Rb2 exd4 15. exd4 Nf6 16. Bd3 Ne4 17. Qc1 Bf5 18. Bxe4 dxe4 19. Ne5 Qe7 20. Nc4 Red8 21. Nd6 b5 22. cxb6 Rxd6 23. b7 Rb8 24. Qf4 Bf8 25. Qxd6 Qxd6 26. Bxd6 Bxd6 27. Rb6 {0-1 Sarana,A (2640)-Le,T (2514) Levitov Christmas Online Q5 blitz 2020}) ({RR} 12... Re8 13. Rb1 exd4 14. cxd4 Nf6 15. Rb6 Ne4 16. Bd3 f5 17. Qc2 Qd7 18. Rfb1 Qf7 19. Be2 g5 20. Ne5 Bxe5 21. Bxe5 Rxe5 22. dxe5 Qe7 23. Qb2 Nxc5 24. Qb4 Kf8 25. f4 a5 26. Qa3 Nd7 27. Qxe7+ {1-0 Piliposyan,R (2176)-Protopopova,A (2257) Orsha op-F 20th 2022 (4)}) 13. Nd2 {[%emt 0:03:25]} f5 {[%emt 0:06:21]} 14. c4 {[%emt 0:08:56]} Rf7 {[%emt 0:01:47]} 15. cxd5 {[%emt 0:04:49]} cxd5 {[%emt 0:00:15]} 16. Qb3 {[%emt 0:00:29]} Nb8 {[%emt 0:16:41]} 17. Nb1 {[%emt 0:13:15]} Nc6 {[%emt 0:05:15]} 18. Nc3 {[%emt 0:00:24]} Be6 {[%emt 0:00:10]} 19. Rab1 {[%emt 0:08:13]} Qd7 {[%emt 0:05:37]} 20. Na4 {[%emt 0:03:31]} Rd8 {[%emt 0:02:51]} 21. Nb6 {[%emt 0:05:08]} Qe8 {[%emt 0:00:21]} 22. Bf4 {[%emt 0:13:00]} h6 {[%emt 0:06:44]} 23. Bd1 {[%emt 0:01:36]} Bf8 {[%emt 0:01:30]} 24. Qa3 {[%emt 0:02:57]} g5 {[%emt 0:02:28]} 25. Bh2 {[%emt 0:00:22]} Rg7 {[%emt 0:01:52]} 26. Ba4 {[%emt 0:02:06]} f4 {[%emt 0:04:49]} 27. Bxc6 {[%emt 0:01:25]} bxc6 {[%emt 0:00:09]} 28. exf4 {[%emt 0:00:17]} gxf4 {[%emt 0:00:07]} 29. Bxf4 {[%emt 0:00:15]} Qg6 {[%emt 0:00:36]} 30. Qg3 {[%emt 0:04:31]} Qh5 {[%emt 0:02:03]} 31. Qh2 {[%emt 0:02:18]} Qxh3 {[%emt 0:03:52]} 32. Qxh3 {[%emt 0:00:12]} Bxh3 {[%emt 0:00:06]} 33. Bg3 {[%emt 0:00:03]} Bf5 {[%emt 0:01:06]} 34. Rb3 {[%emt 0:00:16]} Be7 {[%emt 0:01:25]} 35. Be5 {[%emt 0:00:49]} Rg6 {[%emt 0:00:19]} 36. Ra3 {[%emt 0:02:05]} Bg4 {[%emt 0:01:24]} 37. Re1 {[%emt 0:02:35]} Kf7 {[%emt 0:01:24]} 38. Rxa6 {[%emt 0:00:53]} h5 {[%emt 0:01:33]} 39. Kh2 {[%emt 0:02:38]} Bf6 {[%emt 0:01:19]} 40. Ra7+ {[%emt 0:02:04]} Ke6 {[%emt 0:00:08]} 41. Bxf6 {[%emt 0:01:24]} Kxf6 {[%emt 0:00:34]} 42. Rc7 {[%emt 0:00:13]} Kg5 {[%emt 0:01:49]} 43. a4 {[%emt 0:01:26]} Rf8 {[%emt 0:00:09]} 44. Kg1 {[%emt 0:09:27]} Rgf6 {[%emt 0:05:25]} 45. Rf1 {[%emt 0:08:01]} Be2 {[%emt 0:01:56]} 46. Ra1 {[%emt 0:00:16]} Rxf2 {[%emt 0:00:39]} 47. Ra3 {[%emt 0:01:45]} h4 {[%emt 0:02:40]} 48. Rc8 {[%emt 0:03:51]} Rf1+ {[%emt 0:12:35]} 49. Kh2 {[%emt 0:00:05]} Rxc8 {[%emt 0:00:05]} 50. Nxc8 {[%emt 0:00:03]} Ba6 {[%emt 0:04:34]} 51. Na7 {[%emt 0:00:31]} Rf6 {[%emt 0:01:25]} 52. Kg1 {[%emt 0:01:08]} Kf4 {[%emt 0:01:07]} 53. Kf2 {[%emt 0:01:13]} Bd3 {[%emt 0:00:04]} 54. g3+ {[%emt 0:07:03]} Kg4+ {[%emt 0:01:06]} 55. Ke3 {[%emt 0:00:45]} h3 {[%emt 0:01:23]} 56. Ra1 {[%emt 0:01:05]} h2 {[%emt 0:00:24]} 57. Nxc6 {[%emt 0:02:00]} Bf1 {[%emt 0:01:44]} 58. Ne5+ {[%emt 0:00:21]} Kxg3 {[%emt 0:00:29]} 59. c6 {[%emt 0:01:35]} h1=Q {[%emt 0:00:13]} 0-1

[Event "45th Olympiad Budapest 2024"]
[Site "Budapest"]
[Date "2024.09.13"]
[Round "3"]
[Board "4"]
[White "Hilario, Aleyla"]
[Black "Mungunzul, Bat-Erdene"]
[Result "0-1"]
[WhiteElo "1993"]
[BlackElo "2224"]
[PlyCount "98"]
[EventDate "2024.09.11"]
[EventType "team-tourn"]
[EventRounds "11"]
[EventCountry "HUN"]
[WhiteTeam "Peru"]
[BlackTeam "Mongolia"]
[WhiteTeamCountry "PER"]
[BlackTeamCountry "MGL"]

1. d4 {[%emt 0:00:02] Krasenkow,Michal} d5 {[%emt 0:00:09]} 2. c4 {[%emt 0:00:22]} c6 {[%emt 0:00:09]} 3. Nf3 {[%emt 0:00:05]} Nf6 {[%emt 0:00:09]} 4. Qb3 {[%emt 0:00:14]} dxc4 {[%emt 0:02:49]} 5. Qxc4 {[%emt 0:00:17]} Bg4 {[%emt 0:00:26]} 6. Nc3 {[%emt 0:01:39]} Nbd7 {[%emt 0:00:29]} 7. e4 {[%emt 0:00:24]} Bxf3 {[%emt 0:00:12]} 8. gxf3 {[%emt 0:00:09]} e5 {[%emt 0:00:11]} 9. Be3 {[%emt 0:00:07]} ({RR} 9. dxe5 Nxe5 10. Qe2 Bc5 11. Bd2 Nh5 12. f4 Qxd2+ 13. Kxd2 Nxf4 14. Qd1 O-O-O+ 15. Nd5 Nxd5 16. Kc1 Nf4 17. Qc2 Bxf2) 9... Nb6 {[%emt 0:21:36]} ({RR} 9... exd4 10. Bxd4 Bd6 11. O-O-O Qc7 ({RR} 11... Qe7 12. Kb1 ({RR} 12. Bh3 Ne5 13. Qb3 Nxf3 14. Bxf6 Qxf6 15. Bd7+ Kf8 16. Qxb7 Rb8 17. Qxc6 Nd4) 12... O-O 13. h4 Rfd8 14. h5 h6 15. Qe2 Be5 16. Qe3 Bxd4 17. Rxd4 Nc5 18. Rxd8+ Rxd8 19. Be2 b6 20. Rg1) 12. Ne2 ({RR} 12. h4 O-O 13. Ne2 Rad8 14. Qc2 Nh5 15. Bh3 Ndf6 16. Qc3 c5 17. Be3 Be5 18. Qc2 Nf4) ({RR} 12. Be3 O-O 13. Ne2 Ne5 14. Qd4 Rfd8 15. Bg2 Ng6 16. h4 Be5) ({RR} 12. Bh3 b5 ({RR} 12... O-O) 13. Qd3 Ne5 14. Qc2 Nxf3 15. Bxf6 gxf6 16. Qd3 Bf4+ 17. Kb1 Ne5 18. Qc2 Nc4 19. Bf1 O-O 20. Bxc4 bxc4 21. Ne2) ({RR} 12. Kb1 O-O 13. h4 Nh5 ({RR} 13... Rfd8) 14. Bxg7 Nxg7 15. Qd4 Be5 16. Qxd7 Qb6 17. Qd2 Rad8 18. Bd3 Ne6) ({RR} 12. Rg1 O-O 13. Bh3 Bf4+ ({RR} 13... Ne5 14. Qf1 Nh5 15. Bf5 Ng6 16. Kb1 Rfd8 17. Qc4 Be5) 14. Kb1 Ne5 15. Qf1 ({RR} 15. Qe2 Rad8 16. Bf5 g6) 15... c5 ({RR} 15... Rfd8 16. Ne2 Bxh2 17. Rg2 Ng6) 16. Qg2 g6 17. Be3 Nc4 18. Bxf4 Qxf4 19. Qg3 ({RR} 19. Qg5 Qxf3 20. Qxc5 Qxh3 21. Qxc4) 19... Nh5 20. Qg5 Qxh2 21. Qxh5 Qxf2 22. Na4 Nd2+ 23. Ka1 Nxf3) 12... O-O ({RR} 12... Ne5 13. Qc3 Ng6 ({RR} 13... c5 14. Be3 Nxf3 15. Rxd6 Qxd6 16. Bf4) 14. h4 Nh5 15. Rg1 O-O-O 16. Rg5 Ngf4 17. Ng3 Nxg3 18. fxg3 f6 19. Ra5 b6 20. Ra4) 13. Qc2 Rfe8 ({RR} 13... b5 14. Kb1 Rfe8 15. Bh3 c5 16. Be3 Nb6 17. Bg5 Be5 18. Bc1 Nh5 19. Rhg1 Nc4 20. b3 Rab8 21. Rg5 g6 22. f4 Nxf4 23. Rxe5) ({RR} 13... c5 14. Be3 Rfe8 15. Bg2 c4 16. Kb1 Rad8 17. f4 Ng4 18. e5 Bf8 19. Bd4) ({RR} 13... Nh5 14. Be3 ({RR} 14. Kb1 Rad8 15. Be3 Rfe8 16. Qc1 Nf8 17. Ng3 Nf6 18. Nf5 Ne6 19. Bc4 Be5 20. Rxd8 Rxd8 21. Rg1 g6 22. Nh6+ Kg7 23. Nxf7 Qxf7 24. f4) 14... Ndf6 15. Kb1 Rad8 16. Qc1 Rfe8 17. Bg2 a5 18. Rd3 g6 19. h3 Bf8 20. Rxd8 Qxd8 21. Qc2 Qc7 22. f4) ({RR} 13... Rad8 14. Kb1 Rfe8 15. Bh3 Nh5 16. Ng3 Ndf6 17. Bg4 Be5 18. Bxe5 Qxe5 19. Bxh5 Nxh5 20. Qb3 g6) 14. h4 Nh5 15. Bh3 Rad8 16. Kb1 Nf8 17. Be3 Be5 18. Rdg1 ({RR} 18. Bg4 Nf4 19. h5 Nxe2 20. Qxe2 h6 21. Rxd8 Rxd8 22. Rd1 Rxd1+ 23. Qxd1 c5 24. Qc1 Bd6 25. Qc4 ({RR} 25. f4 Qc6) 25... Nh7 26. f4 Bxf4 27. Qxc5 Qxc5 28. Bxc5 Nf6 29. Bf3 b6 30. Bd4 Nd7) 18... Nf4 ({RR} 18... Ng6 19. Bg4 Nhf4 20. h5 Nxe2 21. Qxe2 Nf4) 19. Nxf4 Bxf4 20. h5 Qe5 ({RR} 20... Ne6) 21. Bf5 Rd6 ({RR} 21... Ne6 22. Rg4 Bxe3 23. fxe3 Qc5 24. Qb3 Re7 25. f4) 22. Rg4 Bxe3 23. fxe3 Red8 24. f4 {1-0 Mamedyarov,S (2746)-Inarkiev,E (2692) EU-Cup 27th Rogaska Slatina 2011 (6)}) ({RR} 9... Qa5 10. O-O-O exd4 11. Bxd4 Bd6 12. Bh3 Bf4+ 13. Kb1 Ne5 14. Qf1 c5 15. Be3 Bxe3 16. fxe3 c4 17. Qg2 O-O 18. Rhg1 Ne8 19. Qg5) ({RR} 9... Bd6 10. O-O-O O-O ({RR} 10... Qc7 11. dxe5 Bxe5 12. Ne2 Nh5 13. Kb1 Nb6 14. Qb4 Nf4 15. a4 Nxe2 16. Bxe2 Bf6 17. f4) 11. dxe5 Bxe5 12. Ne2 Qe7 13. f4 Bc7 14. Bg2) ({RR} 9... Bd6 10. O-O-O O-O 11. Be2 Qe7 12. Rhg1 b5 13. Qd3 Kh8 14. d5 b4 15. dxc6 bxc3 16. Qxd6 Qd8 17. cxd7 Qa5 18. b3 Qxa2 19. Rdf1 Qb2+ 20. Kd1 c2+ 21. Ke1 Qc3+ 22. Bd2 c1=Q+ 23. Bd1 Qxd1+ 24. Kxd1 {0-1 Luong Phuong Hanh (2163)-Korchmar,V (2438) Titled Tue 8th Aug Early 2023 (2)}) 10. Qd3 {[%emt 0:01:26]} exd4 {[%emt 0:00:32]} 11. Bxd4 {[%emt 0:01:17]} Nh5 $146 {[%emt 0:02:27]} ({RR} 11... Be7 12. Rg1 O-O 13. O-O-O Qc7 14. Qe3 g6 15. Qh6 Rfd8 16. Be2 Bd6 17. Qh4 Bf4+ 18. Kc2 Rxd4 19. Rxd4 Bxh2 20. Rh1 Be5 21. Rdd1 Nh5 22. f4 Nxf4 23. Qxh7+ Kf8 24. Qh6+ Bg7 25. Qg5 Ne6 26. Qe3 {1-0 Kopylov,M (2458)-Kuhn,G (2115) Bargteheide op 2014 (4)}) ({RR} 11... Be7 12. Rg1 g6 13. Qe3 Qc7 14. f4 Nbd7 15. O-O-O Rg8 16. Kb1 a6 17. Bh3 Rd8 18. e5 Nh5 19. f5 Qa5 20. f6 Bf8 21. Bxd7+ Rxd7 22. Bb6 Qb4 23. Rxd7 {1-0 Papin,V (2569)-Baraeva,I (2176) Yuzhny FO-ch op 2011 (5)}) 12. O-O-O {[%emt 0:18:58]} Nf4 {[%emt 0:06:00]} 13. Qe3 {[%emt 0:15:28]} Qc7 {[%emt 0:00:27]} 14. Ne2 {[%emt 0:03:05]} Ne6 {[%emt 0:02:15]} 15. Bh3 {[%emt 0:03:19]} Nxd4 {[%emt 0:02:43]} 16. Nxd4 {[%emt 0:05:57]} g6 {[%emt 0:10:21]} 17. Kb1 {[%emt 0:18:49]} Bg7 {[%emt 0:02:52]} 18. f4 {[%emt 0:02:30]} O-O {[%emt 0:02:48]} 19. e5 {[%emt 0:16:40]} Nd5 {[%emt 0:02:57]} 20. Qg3 {[%emt 0:00:19]} Bh6 {[%emt 0:03:49]} 21. Ne2 {[%emt 0:00:01]} Rfe8 {[%emt 0:01:25]} 22. Qh4 {[%emt 0:01:21]} Bg7 {[%emt 0:01:04]} 23. Bg2 {[%emt 0:02:36]} Nb6 {[%emt 0:01:02]} 24. Nc3 {[%emt 0:00:34]} Qe7 {[%emt 0:05:05]} 25. Qg3 {[%emt 0:05:45]} f6 {[%emt 0:02:57]} 26. Rhe1 {[%emt 0:00:09]} Rad8 {[%emt 0:00:21]} 27. Rxd8 {[%emt 0:01:43]} Rxd8 {[%emt 0:00:32]} 28. Qe3 {[%emt 0:00:32]} Nc4 {[%emt 0:01:40]} 29. exf6 {[%emt 0:00:38]} Qxf6 {[%emt 0:00:57]} 30. Qe6+ {[%emt 0:00:27]} Qxe6 {[%emt 0:00:16]} 31. Rxe6 {[%emt 0:00:05]} Rd2 {[%emt 0:00:35]} 32. Bf1 {[%emt 0:00:58]} Nxb2 {[%emt 0:01:22]} 33. Re2 {[%emt 0:00:22]} Rxe2 {[%emt 0:03:54]} 34. Nxe2 {[%emt 0:00:09]} Nd3 {[%emt 0:00:06]} 35. f3 {[%emt 0:00:22]} Ne1 {[%emt 0:01:10]} 36. Ng3 {[%emt 0:01:13]} Nxf3 {[%emt 0:00:11]} 37. h3 {[%emt 0:00:31]} Nd2+ {[%emt 0:00:15]} 38. Kc2 {[%emt 0:00:09]} Nxf1 {[%emt 0:00:07]} 39. Nxf1 {[%emt 0:00:04]} Bh6 {[%emt 0:01:46]} 40. f5 {[%emt 0:00:26]} Bf4 {[%emt 0:07:57]} 41. fxg6 {[%emt 0:00:23]} hxg6 {[%emt 0:00:12]} 42. Kd3 {[%emt 0:00:27]} Kf7 {[%emt 0:00:37]} 43. Ke4 {[%emt 0:00:05]} g5 {[%emt 0:02:07]} 44. Kf5 {[%emt 0:01:54]} c5 {[%emt 0:01:17]} 45. Ke4 {[%emt 0:00:05]} b5 {[%emt 0:01:03]} 46. h4 {[%emt 0:00:06]} Kg6 {[%emt 0:00:29]} 47. hxg5 {[%emt 0:00:35]} Kxg5 {[%emt 0:00:07]} 48. Kd3 {[%emt 0:01:22]} Kf5 {[%emt 0:00:29]} 49. a4 {[%emt 0:01:59]} bxa4 {[%emt 0:00:54]} 0-1

[Event "45th Olympiad Budapest 2024"]
[Site "Budapest"]
[Date "2024.09.13"]
[Round "3"]
[Board "1"]
[White "Cvitan, Ena"]
[Black "Injac, Teodora"]
[Result "0-1"]
[WhiteElo "2259"]
[BlackElo "2425"]
[PlyCount "96"]
[EventDate "2024.09.11"]
[EventType "team-tourn"]
[EventRounds "11"]
[EventCountry "HUN"]
[WhiteTeam "Croatia"]
[BlackTeam "Serbia"]
[WhiteTeamCountry "CRO"]
[BlackTeamCountry "SRB"]

1. d4 {[%emt 0:00:20]} Nf6 {[%emt 0:00:25]} 2. c4 {[%emt 0:00:18]} e6 {[%emt 0:00:08]} 3. Nc3 {[%emt 0:00:28]} d5 {[%emt 0:00:23]} 4. cxd5 {[%emt 0:00:33]} exd5 {[%emt 0:00:02]} 5. Bg5 {[%emt 0:01:23]} c6 {[%emt 0:00:19]} 6. Qc2 {[%emt 0:02:13]} Be6 {[%emt 0:16:11]} 7. e3 {[%emt 0:01:06]} Nbd7 {[%emt 0:01:11]} 8. Bd3 {[%emt 0:00:30]} h6 {[%emt 0:00:05]} 9. Bh4 {[%emt 0:06:29]} g5 {[%emt 0:00:30]} 10. Bg3 {[%emt 0:00:05]} Nh5 {[%emt 0:00:03]} 11. Nge2 {[%emt 0:02:26]} Nxg3 {[%emt 0:01:03]} 12. Nxg3 {[%emt 0:01:03]} h5 {[%emt 0:09:26]} 13. O-O-O {[%emt 0:20:36]} h4 {[%emt 0:01:33]} 14. Nge2 {[%emt 0:03:09]} Qe7 $146 {[%emt 0:08:04]} ({RR} 14... Bg7 15. f4 Nb6 16. f5 Bd7 17. Rhf1 Qc7 18. h3 O-O-O 19. Kb1 Rhe8 20. e4 dxe4 21. Nxe4 Nd5 22. Nxg5 Ne3 23. Qb3 Nxd1 24. Qxd1 Rf8 25. Qb3 Be8 26. f6 Bh6 27. Nf3 Bd7 28. Nxh4 Bg5 29. g3 {0-1 Mikrut,D (2317)-Farkas,G (2279) ECo-C TCh-SVK 2023-24 (7.5)}) ({RR} 14... Qf6 15. e4 Nb6 16. exd5 Nxd5 17. Be4 O-O-O 18. Nxd5 Bxd5 19. Bxd5 Rxd5 20. Qa4 Qf5 21. Nc3 Rd7 22. Qxa7 g4 23. Rd2 Kc7 24. Rc2 Bh6+ 25. Kb1 Re8 26. Rd1 Red8 27. a3 Bg7 28. a4 Qf4 29. Nb5+ {1-0 Ebrahimi Herab,H (2333)-Taspinar,Y (2311) 10th Cesme Open A 2024 (9.5)}) 15. Kb1 {[%emt 0:03:15]} Nb6 {[%emt 0:02:00]} 16. Rc1 {[%emt 0:04:22]} O-O-O {[%emt 0:09:58]} 17. Na4 {[%emt 0:07:19]} Nxa4 {[%emt 0:00:16]} 18. Qxa4 {[%emt 0:00:03]} Kb8 {[%emt 0:00:11]} 19. Rc3 {[%emt 0:00:42]} Qf6 {[%emt 0:04:10]} 20. f4 {[%emt 0:10:38]} Bd6 {[%emt 0:05:01]} 21. Rf1 {[%emt 0:03:41]} Rhe8 {[%emt 0:02:37]} 22. Qd1 {[%emt 0:14:21]} Bc8 {[%emt 0:14:22]} 23. Bc2 {[%emt 0:02:02]} Bg4 {[%emt 0:03:00]} 24. h3 {[%emt 0:02:42]} Bxe2 {[%emt 0:09:32]} 25. Qxe2 {[%emt 0:00:08]} gxf4 26. Qf2 {[%emt 0:02:15]} Re7 {[%emt 0:01:43]} 27. exf4 {[%emt 0:04:10]} Rde8 {[%emt 0:00:02]} 28. Rd1 {[%emt 0:03:27]} Re2 {[%emt 0:03:32]} 29. Qf3 {[%emt 0:00:07]} Bc7 {[%emt 0:02:33]} 30. g3 {[%emt 0:01:27]} Bb6 {[%emt 0:00:59]} 31. Rcd3 {[%emt 0:00:34]} R2e4 {[%emt 0:01:12]} 32. gxh4 {[%emt 0:01:34]} Bxd4 {[%emt 0:01:15]} 33. Rb3 {[%emt 0:01:12]} Rxf4 {[%emt 0:00:34]} 34. Qg3 {[%emt 0:01:00]} Be5 {[%emt 0:00:53]} 35. Qg5 {[%emt 0:00:53]} Rxh4 {[%emt 0:02:48]} 36. Qxf6 {[%emt 0:01:00]} Bxf6 {[%emt 0:00:02]} 37. Rf1 {[%emt 0:00:27]} Bd4 {[%emt 0:01:35]} 38. Bf5 {[%emt 0:00:32]} Re7 {[%emt 0:01:15]} 39. a4 {[%emt 0:00:52]} Bb6 {[%emt 0:00:38]} 40. Bg4 {[%emt 0:00:19]} Bd4 {[%emt 0:00:28]} 41. Rd3 {[%emt 0:03:31]} Be5 {[%emt 0:01:29]} 42. b4 {[%emt 0:01:13]} Kc7 {[%emt 0:03:31]} 43. Kc2 {[%emt 0:02:43]} Kd6 {[%emt 0:00:59]} 44. Rdf3 {[%emt 0:00:39]} f6 {[%emt 0:00:16]} 45. Rd3 {[%emt 0:01:08]} Rg7 {[%emt 0:04:34]} 46. Rdf3 {[%emt 0:01:54]} b6 {[%emt 0:04:53]} 47. Rd1 {[%emt 0:03:43]} Rgxg4 {[%emt 0:06:14]} 48. hxg4 {[%emt 0:00:07]} Rxg4 {[%emt 0:00:02]} 0-1

[Event "45th Olympiad Budapest 2024"]
[Site "Budapest"]
[Date "2024.09.13"]
[Round "3"]
[Board "2"]
[White "Gajcin, Marina"]
[Black "Medic, Mirjana"]
[Result "1/2-1/2"]
[WhiteElo "2253"]
[BlackElo "2101"]
[PlyCount "107"]
[EventDate "2024.09.11"]
[EventType "team-tourn"]
[EventRounds "11"]
[EventCountry "HUN"]
[WhiteTeam "Serbia"]
[BlackTeam "Croatia"]
[WhiteTeamCountry "SRB"]
[BlackTeamCountry "CRO"]

1. e4 {[%emt 0:00:02]} e6 {[%emt 0:00:04]} 2. d4 {[%emt 0:00:05]} d5 {[%emt 0:00:12]} 3. Nc3 {[%emt 0:00:06]} Nf6 {[%emt 0:00:15]} 4. e5 {[%emt 0:00:17]} Nfd7 {[%emt 0:00:03]} 5. f4 {[%emt 0:00:27]} c5 {[%emt 0:00:05]} 6. Nf3 {[%emt 0:00:09]} Nc6 {[%emt 0:00:06]} 7. Be3 {[%emt 0:00:08]} a6 {[%emt 0:00:16]} 8. Ne2 {[%emt 0:01:05]} b5 {[%emt 0:03:44]} 9. a3 {[%emt 0:00:07]} ({RR} 9. c3 b4 10. cxb4 cxd4 11. Nexd4 Bxb4+ 12. Kf2 Bb7 13. Rc1 Na5 14. Qa4 Be7 15. f5 O-O 16. fxe6 Nc5 17. exf7+ Rxf7 18. Rxc5 Bxc5 19. e6 Rf8 20. h4 Rc8 21. e7 Bxe7 22. Ne6 Qe8 23. Qxa5 Rc2+ {1-0 Durarbayli,V (2627)-Duda,J (2732) Titled Tue 12th Dec Late 2023 (7)}) 9... Qb6 {[%emt 0:07:16]} 10. c3 {[%emt 0:01:06]} Bb7 $146 {[%emt 0:06:25]} ({RR} 10... a5 11. dxc5 Bxc5 12. Ned4 Ba6 13. b4 axb4 14. axb4 Nxd4 15. Nxd4 Bxd4 16. Bxd4 Qc6 17. Bd3 O-O 18. O-O f6 19. Qh5 f5 20. Ra5 Nb6 21. g4 Na4 22. gxf5 exf5 23. Qf3 Nxc3 24. Rfa1 Ne4 25. Qe2 {0-1 To,N (2323)-Asish Panda (1911) Titled Tue 2nd Jul Late 2024 (10)}) ({RR} 10... a5 11. f5 cxd4 12. Nexd4 Nxd4 13. cxd4 b4 14. fxe6 fxe6 15. a4 b3 16. Be2 Bb4+ 17. Bd2 Ba6 18. O-O O-O 19. Be3 Rac8 20. Bd3 Bc4 21. Bxh7+ Kxh7 22. Ng5+ Kg8 23. Qh5 Bd3 24. Rf7 Nxe5 25. Raf1 {0-1 Rodchenkov,S (2346)-Buchenau,F (2263) Titled Tuesday intern op 17th May Early blitz 2022 (7)}) ({RR} 10... a5 11. g4 h5 12. gxh5 Ba6 13. f5 b4 14. axb4 axb4 15. fxe6 fxe6 16. Nf4 Nd8 17. Bd3 Bxd3 18. Rxa8 Be4 19. O-O Be7 20. Nd2 Bf5 21. Nxd5 Qb7 22. Qf3 bxc3 23. Nf6+ gxf6 24. Qxb7 Rg8+ 25. Kf2 {1-0 Wang,J (1698)-Aguilar,A (2258) Titled Tue 30th Apr Late 2024 (2)}) 11. dxc5 {[%emt 0:01:29]} Bxc5 {[%emt 0:00:08]} 12. Ned4 {[%emt 0:00:04]} Nxd4 {[%emt 0:02:17]} 13. cxd4 {[%emt 0:08:57]} Be7 {[%emt 0:00:20]} 14. Bd3 {[%emt 0:00:36]} b4 {[%emt 0:10:44]} 15. f5 {[%emt 0:10:09]} f6 {[%emt 0:08:32]} 16. O-O {[%emt 0:29:24]} O-O {[%emt 0:07:25]} 17. exf6 {[%emt 0:06:41]} Nxf6 {[%emt 0:01:12]} 18. Ne5 {[%emt 0:15:39]} exf5 {[%emt 0:15:59]} 19. Bxf5 {[%emt 0:00:51]} Bc8 {[%emt 0:00:26]} 20. Bd3 {[%emt 0:07:30]} a5 {[%emt 0:04:10]} 21. Kh1 {[%emt 0:00:19]} Ba6 {[%emt 0:07:01]} 22. Bg5 {[%emt 0:01:16]} Bxd3 {[%emt 0:01:36]} 23. Qxd3 {[%emt 0:00:18]} bxa3 {[%emt 0:00:56]} 24. bxa3 {[%emt 0:00:50]} Qd6 {[%emt 0:00:44]} 25. Bxf6 {[%emt 0:03:12]} Bxf6 {[%emt 0:02:31]} 26. Nf3 {[%emt 0:01:23]} a4 {[%emt 0:01:45]} 27. Rac1 {[%emt 0:02:44]} Rac8 {[%emt 0:04:03]} 28. Rxc8 {[%emt 0:01:55]} Rxc8 {[%emt 0:00:02]} 29. Re1 {[%emt 0:02:07]} g6 {[%emt 0:04:35]} 30. Qb5 {[%emt 0:00:38]} Qc6 {[%emt 0:00:51]} 31. Qe2 {[%emt 0:01:14]} Kg7 {[%emt 0:00:42]} 32. h3 {[%emt 0:01:27]} Qd6 {[%emt 0:00:54]} 33. Qb5 {[%emt 0:00:51]} Qc6 {[%emt 0:01:20]} 34. Qb4 {[%emt 0:00:40]} Rc7 {[%emt 0:00:37]} 35. Qb8 {[%emt 0:01:25]} Qb7 {[%emt 0:02:41]} 36. Qe8 {[%emt 0:00:14]} Qc6 {[%emt 0:00:25]} 37. Qb8 {[%emt 0:01:53]} Qb7 {[%emt 0:00:33]} 38. Qe8 {[%emt 0:00:06]} Qc6 {[%emt 0:00:10]} 39. Qe3 {[%emt 0:01:10]} Re7 {[%emt 0:03:00]} 40. Ne5 {[%emt 0:00:12]} Qc2 {[%emt 0:00:50]} 41. Rf1 {[%emt 0:14:23]} Qc8 {[%emt 0:06:12]} 42. Qf4 {[%emt 0:09:30]} Qe6 {[%emt 0:01:49]} 43. Ng4 {[%emt 0:01:53]} Rf7 {[%emt 0:00:34]} 44. Qh6+ {[%emt 0:05:51]} Kg8 {[%emt 0:00:03]} 45. Qd2 {[%emt 0:01:00]} Bg5 {[%emt 0:08:37]} 46. Qd1 {[%emt 0:00:01]} Rxf1+ {[%emt 0:00:32]} 47. Qxf1 {[%emt 0:00:01]} Kg7 {[%emt 0:02:29]} 48. Ne5 {[%emt 0:00:53]} Bf6 {[%emt 0:01:16]} 49. Qb5 {[%emt 0:01:24]} Bxe5 {[%emt 0:00:53]} 50. dxe5 {[%emt 0:00:07]} Qxe5 {[%emt 0:00:06]} 51. Qxa4 {[%emt 0:00:11]} Qe1+ {[%emt 0:03:19]} 52. Kh2 {[%emt 0:00:01]} Qe5+ {[%emt 0:00:10]} 53. Kh1 {[%emt 0:00:05]} Qe1+ {[%emt 0:00:10]} 54. Kh2 {[%emt 0:00:02]} 1/2-1/2